[Event "20th Dubai Open 2018"]
[Site "Dubai"]
[Date "2018.04.09"]
[Round "8"]
[White "Amin, Bassem"]
[Black "Narayanan S L"]
[Result "1/2-1/2"]
[WhiteElo "2700"]
[BlackElo "2568"]
[Annotator "TA"]
[PlyCount "61"]
[EventDate "2018.??.??"]
[EventType "swiss"]
[EventCountry "UAE"]
[SourceTitle "playchess.com"]
[Source "ChessBase"]
[SourceQuality "1"]

{[%evp 15,61,-20,-17,-39,-41,-45,-41,-42,-38,-35,-39,-46,-32,-44,-32,-50,0,0,0,0,0,0,0,0,3,4,4,8,4,0,6,7,7,8,4,4,6,10,8,3,8,0,0,0,0,0,0,0]} 1. Nf3 d5 2. g3 g6 3. Bg2 Bg7 4. O-O e5 5. c4 dxc4 6. Na3 {A09: Réti Opening: 1 Nf3 d5 2 c4} Nc6 7. Nxc4 e4 8. Ne1 Be6 {LiveBook: 3 Games} 9. Ne3 f5 $1 10. d3 Nf6 11. Bd2 O-O $146 12. Bc3 Nd4 13. N3c2 c5 14. dxe4 Nxe4 15. Nxd4 Nxc3 ({Much weaker is} 15... Bxd4 $6 16. Bxd4 cxd4 17. Nf3 $16) (15... cxd4 $15 16. Bd2 Rc8) 16. Nxe6 $11 {The position is equal.} Nxd1 17. Nxd8 Raxd8 18. Nd3 Nxb2 19. Nxc5 {[#] Strongly threatening Ne6.} Rd2 $1 20. Bxb7 Rxe2 21. Bd5+ Kh8 22. Ne6 Rc8 23. Rac1 Rec2 24. Rxc2 Rxc2 25. Bb3 Rc8 26. Re1 Bf6 27. h4 Nd3 28. Rd1 Nc1 29. Rd7 Nxb3 30. axb3 Re8 31. Nf4 {Precision: White = 84%, Black = 78%.} 1/2-1/2

[Event "20th Dubai Open 2018"]
[Site "Dubai"]
[Date "2018.04.09"]
[Round "8"]
[White "Jones, Gawain C B"]
[Black "Krysa, Leandro"]
[Result "1-0"]
[WhiteElo "2675"]
[BlackElo "2543"]
[Annotator "TA"]
[PlyCount "117"]
[EventDate "2018.??.??"]
[EventType "swiss"]
[EventCountry "UAE"]
[SourceTitle "playchess.com"]
[Source "ChessBase"]
[SourceQuality "1"]

{[%evp 18,117,29,20,34,28,26,35,25,34,40,24,40,8,18,10,49,18,69,61,72,60,93,54,67,46,42,44,59,59,59,59,53,48,62,64,49,47,62,0,11,15,29,18,23,32,49,43,58,47,58,58,58,58,58,51,58,41,58,58,58,58,65,65,65,65,65,65,65,65,65,65,65,65,65,65,65,65,65,65,65,65,65,47,47,47,47,47,752,727,5453,5490,5453,5453,5085,4930,4930,4930,568,375,29983,29984]} 1. e4 e5 2. Nf3 Nc6 3. Bb5 Nf6 4. d3 Bc5 5. Bxc6 dxc6 {[%cal Bd7c6,Bc6c5][%mdl 32]} 6. O-O {C65: Ruy Lopez: Berlin Defence (3...Nf6), unusual lines and 4 0-0 Bc5} Nd7 (6... Qe7 7. h3 Rg8 8. Kh1 Nh5 9. c3 g5 10. Nxe5 g4 11. d4 Bd6 12. g3 Bxe5 13. dxe5 Qxe5 {0-1 (27) Aronian,L (2794)-Kramnik,V (2800) Berlin 2018}) 7. Be3 Bd6 8. Nbd2 c5 9. Nc4 O-O 10. a3 {[%cal Ba2a3,Ba3b4][%mdl 32] LiveBook: 3 Games} a5 $146 ({Predecessor:} 10... Re8 11. b4 f6 12. c3 Bf8 13. Nh4 Qe7 {½-½ (44) Oleksienko,M (2616)-Pashikian,A (2606) Al Ain 2015}) 11. b4 cxb4 12. Nxd6 cxd6 13. axb4 b6 14. Qb1 Qc7 15. Qb3 Bb7 16. Nh4 axb4 17. Qxb4 Qxc2 ({Black should play} 17... g6 $11) 18. Qxd6 $14 Qc6 19. Qb4 g6 20. Rac1 Qe6 21. Rc7 Ba6 22. Nf3 Nc5 23. Bxc5 bxc5 24. Rxc5 Bxd3 25. Rxe5 Qc4 26. Qxc4 Bxc4 27. Re1 Rfd8 28. g4 (28. Rc5 $14 Be6 29. h3) 28... h6 29. Kg2 Ra3 30. g5 hxg5 31. Rxg5 Be6 32. Rg3 Ra2 33. Ng5 Rdd2 34. Rf3 $1 Bc4 35. Rb1 {And now Nxf7! would win.} Rab2 36. Rc1 Rdc2 37. Rd1 {Strongly threatening Nxf7!} Rd2 38. Rxd2 Rxd2 {[%mdl 4096] Endgame KRB-KRN} 39. Rc3 Ba2 40. Ra3 Rb2 41. h4 Bc4 42. Ra4 Ba2 43. Kg3 Rc2 44. f3 Bb3 45. Ra3 Ba2 46. Kf4 Kg7 47. Ra7 Rh2 48. Kg3 Re2 49. Ra5 Rd2 50. e5 Bd5 51. Ra7 {[#] aiming for e6.} Re2 52. Kf4 Rh2 $2 {[%mdl 8192]} (52... Re1 $14) 53. e6 $18 Rxh4+ 54. Ke5 {Threatening mate with Rxf7+.} Bxe6 55. Nxe6+ Kg8 56. Ra8+ Kh7 57. Ng5+ Kg7 58. Ra7 Rh5 $2 {[#]} (58... Rb4 $18 59. Rxf7+ Kh6) 59. f4 {Precision: White = 71%, Black = 50%.} 1-0

[Event "20th Dubai Open 2018"]
[Site "Dubai"]
[Date "2018.04.09"]
[Round "8"]
[White "Anton Guijarro, David"]
[Black "Iniyan, P."]
[Result "1-0"]
[WhiteElo "2653"]
[BlackElo "2466"]
[Annotator "TA"]
[PlyCount "65"]
[EventDate "2018.??.??"]
[EventType "swiss"]
[EventCountry "UAE"]
[SourceTitle "playchess.com"]
[Source "ChessBase"]
[SourceQuality "1"]

{[%evp 15,65,33,54,44,66,64,62,53,72,70,74,77,119,117,122,114,122,116,173,177,192,201,275,265,385,387,625,568,702,775,791,738,650,535,639,596,1188,1162,1845,1831,29989,29990,29992,29993,29993,29994,29994,29995,29995,29996,29996,29997]} 1. d4 Nf6 2. c4 g6 3. Nc3 Bg7 4. e4 d6 5. h3 O-O 6. Be3 e5 7. d5 a5 8. g4 {[%cal Bg2g4,Bg4g5][%mdl 32] E71: King's Indian: 4 e4 d6 5 h3} Na6 {LiveBook: 41 Games} 9. Qd2 (9. Nge2 c6 10. Ng3 Nc5 11. g5 Nfd7 12. h4 cxd5 13. Nxd5 Nb6 14. Nc3 Be6 15. b3 a4 {1-0 (36) Ding,L (2777)-Amonatov,F (2636) Riadh 2017}) 9... Nd7 10. Nge2 {White is slightly better.} Ndc5 11. Ng3 Bf6 $146 ({Predecessor:} 11... Bd7 12. Be2 c6 13. h4 cxd5 14. Nxd5 Nb4 15. h5 Nxd5 16. cxd5 {1-0 (111) Kovalenko,I (2653)-Seeman,T (2429) Tallinn 2015}) 12. g5 Be7 13. h4 Nb4 14. Bxc5 dxc5 15. a3 Na6 16. Bh3 h6 (16... Bxh3 $16 {was worth a try.} 17. Rxh3 a4) 17. Bxc8 $18 (17. gxh6 Bxh3 18. Rxh3 Bxh4 $16) 17... Rxc8 18. Nd1 ({Don't take} 18. gxh6 $6 Bxh4 19. Kf1 Nb8 $16) 18... hxg5 {[#]} 19. h5 $1 b6 (19... Re8 {is a better defense.} 20. Ne3 (20. Qxa5 Nb8 $16) 20... Bf8) 20. Ne3 Bd6 $2 (20... Bf6 21. f3 Kg7) 21. O-O-O Kg7 22. Rh3 ({Less strong is} 22. hxg6 fxg6 23. Rh3 Rf4 $18) 22... Rh8 23. Rdh1 Qf6 {[#]} 24. f3 $1 {[%mdl 512]} Rcg8 (24... Qxf3 25. Ngf5+) 25. Qh2 Qf4 26. hxg6 {[%cal Rh3h8]} Qxe3+ 27. Kc2 Rxh3 28. Qxh3 {White mates.} fxg6 29. Qd7+ Kf8 30. Rh7 {[%csl Gd7][%cal Rh7f7]} Qf2+ 31. Kb1 {[%csl Gd7][%cal Rh7f7]} Qe1+ 32. Ka2 {[%csl Gd7][%cal Rh7f7]} Nb4+ 33. axb4 {Precision: White = 100%, Black = 32%.} 1-0

[Event "20th Dubai Open 2018"]
[Site "Dubai"]
[Date "2018.04.09"]
[Round "8"]
[White "Safarli, Eltaj"]
[Black "Chakravarthi Reddy, M."]
[Result "1-0"]
[WhiteElo "2653"]
[BlackElo "2442"]
[Annotator "TA"]
[PlyCount "93"]
[EventDate "2018.??.??"]
[EventType "swiss"]
[EventCountry "UAE"]
[SourceTitle "playchess.com"]
[Source "ChessBase"]
[SourceQuality "1"]

{[%evp 17,93,17,50,20,28,28,33,39,36,31,34,10,11,0,53,31,61,48,65,65,54,52,54,60,71,80,65,68,96,85,150,139,155,79,219,213,214,107,125,97,99,45,67,72,93,77,97,-4,-12,-7,-8,-18,210,200,387,370,522,279,285,270,282,271,264,243,415,409,489,488,450,464,462,442,520,503,5118,5118,5118,5118]} 1. e4 e6 2. d4 d5 3. Nd2 Nf6 4. e5 Nfd7 5. Bd3 c5 6. c3 Nc6 7. Ngf3 g6 8. h4 h6 {C06: French Tarrasch: 3...Nf6 4 e5 Nfd7 5 Bd3 main lines} 9. Bc2 (9. Qe2 Bg7 10. a3 a5 11. Qe3 b6 12. Nf1 Ba6 13. Bxa6 Rxa6 14. N1h2 Ra7 15. Ng4 a4 16. Qf4 {0-1 (53) Guseinov,G (2646)-Socko,B (2593) Riadh 2017}) 9... Bg7 {LiveBook: 17 Games} 10. a3 a5 $146 {The position is equal.} ({Predecessor:} 10... O-O 11. b4 cxd4 12. cxd4 Qb6 13. Nb3 f6 14. exf6 Nxf6 15. O-O Ng4 16. Bb2 {0-1 (47) Gopal,G (2544)-Sengupta,D (2539) Kolkata 2012}) 11. Nf1 b6 12. Ng3 Ba6 13. Be3 Qc7 14. Rc1 b5 15. Bd3 c4 (15... Nb6 $11) 16. Be2 Nb6 17. Qd2 O-O-O 18. h5 g5 19. Nh2 f5 {Threatens to win with ...f4.} 20. exf6 $1 Bxf6 21. Bg4 Rde8 22. O-O Kb7 23. Rce1 b4 (23... Kb8 $142) 24. axb4 axb4 25. Bh3 ({White should try} 25. Ne2 $1) 25... e5 (25... Nd7 $16) 26. dxe5 $18 Bxe5 {[#]} 27. Bxb6 (27. Nf3 $1 $18) 27... Kxb6 $16 28. Qxd5 Rd8 {[#]} 29. Qe4 (29. Qf3 $1 $16) 29... bxc3 $14 30. bxc3 Bxc3 31. Re3 Bd4 32. Ra3 (32. Nf3 $16) 32... Qd6 $11 33. Rb1+ Bb5 34. Qf5 Ne5 $2 (34... Be5 $11 35. Re3 Rhf8) 35. Nf3 $40 {[%mdl 128] White attacks with force.} Nxf3+ $2 (35... Bxf2+ 36. Kxf2 Qxa3 37. Qxe5 Qc5+ 38. Qxc5+ Kxc5) 36. Rxf3 ({And not} 36. Qxf3 Rhf8 $11) 36... Qc5 (36... Be5 $142 37. Re3 Rhe8) 37. Qxc5+ Bxc5 38. Ne4 Rhf8 39. Rxf8 ({Don't take} 39. Nc3 $6 Kc6 $16) 39... Bxf8 40. Nc3 Kc5 $2 (40... Rd3 {is a better defense.} 41. Nxb5 Rb3 42. Rxb3 cxb3) 41. Rxb5+ Kd4 42. Ne2+ {White is clearly winning.} Kd3 43. Kf1 {White threatens Bf5+ and mate.} c3 44. Rb7 Kd2 45. Rc7 Rd3 (45... Ra8 $142 46. Rd7+ Kc2) 46. Bf5 Rd5 47. Be4 {Precision: White = 63%, Black = 33%.} 1-0

[Event "20th Dubai Open 2018"]
[Site "Dubai"]
[Date "2018.04.09"]
[Round "8"]
[White "Rakhmanov, Aleksandr"]
[Black "Dhulipalla, Bala Chandra Prasad"]
[Result "1-0"]
[WhiteElo "2652"]
[BlackElo "2294"]
[Annotator "TA"]
[PlyCount "61"]
[EventDate "2018.??.??"]
[EventType "swiss"]
[EventCountry "UAE"]
[SourceTitle "playchess.com"]
[Source "ChessBase"]
[SourceQuality "1"]

{[%evp 26,61,18,15,20,15,41,39,46,31,34,38,47,33,28,31,29,29,25,29,25,33,164,164,223,218,297,296,296,297,291,293,291,290,279,281,289,283]} 1. b3 Nf6 2. Bb2 g6 3. g3 Bg7 4. Bg2 d6 5. d4 c5 6. Nf3 cxd4 7. Nxd4 d5 8. c4 dxc4 9. O-O O-O 10. Na3 {[%cal Bb1a3,Ba3c4,Bc4a5,Ba5c6][%mdl 32] A49: 1 d4 Nf6 2 Nf3 g6 3 g3: Anti-King's Indian systems} cxb3 11. axb3 Nc6 (11... e5 12. Ndb5 Nc6 13. Nc4 e4 14. Ba3 Qxd1 15. Rfxd1 Rd8 16. Rxd8+ Nxd8 17. Bb2 Nc6 {½-½ (43) Meier,G (2648)-Sebenik,M (2562) chess.com INT 2018}) 12. Nxc6 bxc6 13. Nc4 Qxd1 14. Rfxd1 {LiveBook: 3 Games} Bg4 $146 ({Predecessor:} 14... Nd5 15. Bxg7 Kxg7 16. Rdc1 Be6 17. Na5 Nb4 18. Nxc6 Nxc6 19. Rxc6 Bxb3 {½-½ (59) Kobo,O (2500)-Torosyan,N (2371) Batumi 2018}) 15. Kf1 Be6 16. Na5 Ng4 17. Bxg7 Kxg7 18. b4 Nxh2+ 19. Kg1 Ng4 20. Nxc6 a6 $1 21. Nd4 $36 {[%mdl 2048] Black is under pressure.} Rab8 22. Nxe6+ fxe6 23. Rd4 Nxf2 {[#]} (23... h5 $14) 24. Rf1 $1 $18 e5 (24... Rb5 {keeps fighting.}) 25. Rc4 Rbc8 26. Rxc8 {White has a decisive advantage.} Rxc8 27. Kxf2 Rb8 28. Rb1 Rb5 {If only Black now had time for ...a5....} 29. Bc6 Rb6 30. Be4 Kf6 31. Bd3 {Precision: White = 92%, Black = 29%.} 1-0

[Event "20th Dubai Open 2018"]
[Site "Dubai"]
[Date "2018.04.09"]
[Round "8"]
[White "Kovalev, Vladislav"]
[Black "Venkatesh, M.R"]
[Result "1-0"]
[WhiteElo "2648"]
[BlackElo "2487"]
[Annotator "TA"]
[PlyCount "91"]
[EventDate "2018.??.??"]
[EventType "swiss"]
[EventCountry "UAE"]
[SourceTitle "playchess.com"]
[Source "ChessBase"]
[SourceQuality "1"]

{[%evp 20,91,47,64,78,67,70,0,0,-47,0,-62,-42,-39,-38,-33,0,0,0,-370,-375,-372,-345,-366,-373,-362,-354,-331,-309,-297,-50,-49,-51,-57,0,0,8,18,49,44,118,113,123,85,142,131,209,214,252,236,215,177,210,205,213,226,312,303,309,309,304,308,449,434,470,463,462,457,527,551,712,690,2931,486]} 1. e4 e5 2. Nf3 Nc6 3. Bb5 a6 4. Ba4 Nf6 5. O-O Bc5 6. c3 b5 7. Bc2 d5 {C78: Ruy Lopez: Archangelsk and Möller Defences} 8. a4 dxe4 9. axb5 Bg4 10. bxc6 exf3 11. gxf3 {LiveBook: 3 Games} Bh3 12. Re1 $1 {Strongly threatening d4.} O-O 13. Rxe5 $146 (13. Ra5 $14 Bd6 14. Na3) ({Predecessor:} 13. Ra5 Qd6 14. b4 Bb6 15. Raxe5 Qxc6 {1-0 (43) Wei,Y (2709)-Bu,X (2715) Shenzhen 2016}) 13... Bd6 $11 14. Rea5 {Threatens to win with d4.} Re8 $1 {[%cal Bf8e8,Be8e5,Be5e2,Be2g2][%mdl 32]} 15. d4 (15. d3 $11) 15... Ng4 $1 $40 {[%mdl 128] Black attacks.} 16. fxg4 Qh4 17. Re5 $1 Bxe5 18. dxe5 Rxe5 19. Ra4 $2 {[%mdl 8192]} (19. Be3 $1 $11 Rd8 20. Qe2) 19... Qe7 $1 $19 20. Bd2 Re8 $1 21. f3 (21. Be3 Rxe3 22. Qf1 Re1 23. Bd3 Qd6 24. Bxh7+ Kxh7 25. Nd2 Rxf1+ 26. Nxf1 Qd1 27. Ra1 Qxa1 28. Kh1 Qxf1#) 21... Re2 $1 22. Be4 Rg2+ 23. Kh1 Qd6 {[%csl Gg2][%cal Rd6h2]} 24. f4 Rxe4 $2 (24... Bxg4 $19 25. Qf1 Rxd2 26. Nxd2 Qxd2) 25. Rxe4 $15 {White wants to mate with Re8+.} Qxc6 26. Be1 $1 {Intending Qd8+ and mate.} h6 (26... h5 $1 $15 27. Qa4 Rxg4) 27. Qa4 $11 Rxg4 28. Bg3 (28. Qxc6 $2 {perishes.} Bg2+ 29. Kg1 Bxe4+ 30. Bg3 Bxc6 $19) 28... Qd5 {aiming for ...Rg6.} 29. Kg1 {Re8+ is the strong threat.} Kh7 (29... Rg6 $14 30. Re8+ Kh7) 30. Qc2 $16 Rg6 {White must now prevent ...Bf5.} 31. Re5 Qf3 {[#]} ({Black should try} 31... Qb7) 32. Qf2 $1 {[%cal Rf2f3]} Qg4 {[#]} (32... Qd1+ $16 33. Re1 Qb3) 33. Nd2 $1 $18 f6 34. Re4 Qf5 {intending ...h5.} 35. Qe3 Qd5 36. Nf3 Qd1+ 37. Ne1 h5 38. Qf3 Qd5 39. Rd4 Qb5 40. Rd5 Qe8 (40... Qb6+ $142 41. Qf2 h4 42. Rh5+ Rh6) 41. Rxh5+ {White is clearly winning.} Kg8 {( -> ...Qxe1+)} 42. Qd5+ ({Resist} 42. Rxh3 Qxe1+ 43. Qf1 Qe3+ 44. Qf2 Qc1+ 45. Kg2 Qd1 $18) 42... Be6 43. Qe4 Rg4 44. Rc5 f5 45. Rxf5 Qg6 46. Re5 {Precision: White = 85%, Black = 48%.} (46. Qa8+ $142 Kh7 47. Rf8 Rxg3+ 48. hxg3) 1-0

[Event "20th Dubai Open 2018"]
[Site "Dubai"]
[Date "2018.04.09"]
[Round "8"]
[White "Mareco, Sandro"]
[Black "Laxman, R.R"]
[Result "1/2-1/2"]
[WhiteElo "2645"]
[BlackElo "2441"]
[Annotator "TA"]
[PlyCount "70"]
[EventDate "2018.??.??"]
[EventType "swiss"]
[EventCountry "UAE"]
[SourceTitle "playchess.com"]
[Source "ChessBase"]
[SourceQuality "1"]

{[%evp 16,70,12,6,29,27,27,27,27,0,0,0,0,0,0,0,-12,0,56,33,51,41,50,41,51,36,61,32,37,0,0,-47,-38,-28,-29,-11,-6,-29,-22,-18,-30,-24,-27,-45,-47,-39,-33,-47,-21,-32,0,0,0,-21,0,0,0]} 1. Nf3 Nf6 2. g3 b5 3. Bg2 Bb7 4. d3 e6 5. e4 d6 6. O-O c5 7. Ng5 {A05: Réti Opening: 1 Nf3 Nf6} (7. a4 b4 8. Nbd2 Nc6 9. Nc4 Qc7 10. Re1 Be7 11. a5 Rd8 12. a6 Ba8 13. Bf4 O-O 14. e5 dxe5 15. Nfxe5 Qc8 16. Nxc6 Bxc6 17. Bxc6 Qxc6 {0-1 (53) Naiditsch,A (2705)-Fedorchuk,S (2648) Riadh 2017}) 7... h6 8. Nh3 Nbd7 9. f4 {LiveBook: 5 Games} e5 10. a4 a6 {[%cal Ba7a6,Ba6b5,Bb5b4][%mdl 32]} 11. Qe2 $146 ({Predecessor:} 11. b3 Be7 12. Bb2 c4 13. axb5 axb5 14. Rxa8 Bxa8 {½-½ (40) Korpa,B (2474)-Wang,K (2323) Budapest 2016}) 11... Be7 12. axb5 axb5 13. Rxa8 Qxa8 14. Na3 {[%cal Bb1a3,Ba3c2,Bc2e3,Be3d5][%mdl 32]} Bc6 15. c4 b4 16. Nc2 g6 ({Black should play} 16... Nf8 $11) 17. Ne3 $14 exf4 18. gxf4 O-O 19. Nd5 Bd8 20. Nf2 Re8 21. Be3 Bxd5 22. exd5 Qa2 23. Bh3 {[%cal Bg2h3,Bh3f5,Bf5g6][%mdl 32]} Nb6 24. Nd1 Qb3 25. Kh1 Nh7 26. f5 g5 $1 27. f6 $1 Nxf6 28. Bf5 Re5 {White must now prevent ...Nbxd5!} 29. Qf2 {[#]} Nxc4 $1 {[%mdl 512]} 30. dxc4 Qxc4 31. Kg1 Qxd5 ({But not} 31... Nxd5 $6 {[#]} 32. Be6 $1 $14 {[%mdl 512]}) 32. h4 Nh5 33. Bg6 {The position is equal.} Nf6 34. Bf5 Nh5 35. Bg6 Nf6 {Precision: White = 80%, Black = 78%.} 1/2-1/2

[Event "20th Dubai Open 2018"]
[Site "Dubai"]
[Date "2018.04.09"]
[Round "8"]
[White "Ganguly, Surya Shekhar"]
[Black "Iturrizaga Bonelli, Eduardo"]
[Result "0-1"]
[WhiteElo "2642"]
[BlackElo "2624"]
[Annotator "TA"]
[PlyCount "78"]
[EventDate "2018.??.??"]
[EventType "swiss"]
[EventCountry "UAE"]
[SourceTitle "playchess.com"]
[Source "ChessBase"]
[SourceQuality "1"]

{[%evp 15,78,37,39,32,44,26,25,34,22,33,27,15,43,23,31,15,26,11,33,24,18,9,13,0,0,0,0,0,0,0,0,0,0,0,0,-22,-17,-9,-13,-16,-14,-25,-31,-71,-78,-71,-71,-89,-89,-89,-89,-89,-89,-89,-89,-101,-93,-148,-153,-359,-359,-398,-366,-622,-595]} 1. e4 c6 2. Nc3 d5 3. Nf3 Bg4 4. h3 Bxf3 5. Qxf3 e6 6. Be2 g6 {B11: Caro-Kann: Two Knights Variation} 7. d4 Bg7 8. Be3 Nf6 {LiveBook: 4 Games. White is slightly better.} 9. O-O O-O 10. Rfd1 $146 ({Predecessor:} 10. a4 Nbd7 11. Rfd1 Qa5 12. Bf1 Kh8 13. Bc1 e5 14. dxe5 Nxe5 {1-0 (72) Azarov,S (2648)-Andreikin,D (2705) Rogaska Slatina 2011}) 10... Nxe4 11. Nxe4 dxe4 12. Qxe4 Nd7 13. c4 Re8 14. Rac1 Qe7 15. g3 Rad8 16. h4 h5 17. Qc2 Nf6 18. Bf3 Rd7 19. Qe2 Red8 20. Rd2 Qf8 21. Rcd1 Bh6 22. Bxh6 Qxh6 23. Qe5 Qg7 24. Qg5 Ne8 25. d5 exd5 26. cxd5 Qf6 27. Qe3 c5 28. d6 Ng7 29. Bg2 {[#]} b6 $1 30. Qa3 {[#]} a5 $1 31. Qb3 Rxd6 32. Rxd6 Rxd6 33. Rxd6 Qxd6 34. Bd5 Qf6 35. Qb5 Nf5 36. Qd7 (36. Kg2 $142) 36... Kg7 $17 37. Qc7 $2 (37. b3 $17) 37... Nh6 $19 38. Kg2 {Now b3 and White clings on.} Qxb2 39. a4 $2 (39. Bc4) 39... Qd4 {Precision: White = 30%, Black = 85%.} 0-1

[Event "20th Dubai Open 2018"]
[Site "Dubai"]
[Date "2018.04.09"]
[Round "8"]
[White "Efimenko, Zahar"]
[Black "Sindarov, Javokhir"]
[Result "1-0"]
[WhiteElo "2634"]
[BlackElo "2431"]
[Annotator "TA"]
[PlyCount "79"]
[EventDate "2018.??.??"]
[EventType "swiss"]
[EventCountry "UAE"]
[SourceTitle "playchess.com"]
[Source "ChessBase"]
[SourceQuality "1"]

{[%evp 14,79,31,4,15,16,29,-4,-1,-8,69,70,83,87,85,79,77,77,81,93,116,103,138,139,237,244,243,214,236,131,145,145,158,153,152,155,169,170,224,178,163,167,149,168,177,184,206,186,262,202,413,430,389,275,410,409,509,418,679,495,948,927,1020,1014,961,635,986,981]} 1. Nf3 g6 2. e4 d6 3. d4 Nf6 4. Nc3 Bg7 5. Be3 O-O 6. Qd2 c6 7. Bd3 Nbd7 {B08: Pirc Defence: Classical System} 8. Bh6 {LiveBook: 9 Games} Bxh6 9. Qxh6 e5 $1 {The position is equal.} 10. O-O-O Ng4 11. Qd2 exd4 (11... b5 $11) 12. Nxd4 $14 Qf6 {[#]} 13. Be2 $1 $36 {[%cal Re2g4][%mdl 2048] White is really pushing.} Nb6 14. Bxg4 $146 ({Predecessor:} 14. h3 Ne5 15. Qe3 {1-0 (33) Broeker,C (2449)-Carlson,G ICCF email 2001}) 14... Bxg4 15. f3 Bc8 16. Kb1 Rd8 17. h4 d5 18. h5 c5 (18... Be6 $16) 19. Ndb5 $18 {Threatens to win with Nc7.} d4 {With the idea ...Bd7.} 20. hxg6 Be6 21. gxf7+ (21. Nd5 $18 Bxd5 22. gxh7+ (22. exd5 fxg6 23. d6 Nc4 $15) 22... Kh8 23. Rh6 (23. exd5 Nxd5 24. Rh6 Qe5 $16)) 21... Bxf7 $16 22. Ne2 Nc4 23. Qf4 Qxf4 24. Nxf4 Ne3 25. Rde1 Rac8 (25... Rd7 $142 26. Rh6 Rf8) 26. c3 a6 27. cxd4 axb5 28. Rxe3 {d5 is the strong threat.} Rxd4 29. Rd3 Ra8 30. a3 Rda4 (30... Rxd3 {was worth a try.} 31. Nxd3 b6) 31. Rhd1 R8a6 $2 {[#]} (31... b4 32. axb4 Rxb4) 32. Rd8+ $18 Kg7 33. Nd3 b6 (33... Rd4 $142 34. Nxc5 Rxd1+ 35. Rxd1 Rg6) 34. Ne5 Be6 35. R1d6 Kf6 (35... Rd4 $142 36. Rxd4 cxd4) 36. f4 {White is clearly winning.} Rxe4 (36... Rd4 $142 37. Rxd4 cxd4) 37. Re8 Re1+ 38. Kc2 Kf5 39. g4+ Ke4 40. Rexe6 {Precision: White = 63%, Black = 34%.} 1-0

[Event "20th Dubai Open 2018"]
[Site "Dubai"]
[Date "2018.04.09"]
[Round "8"]
[White "Sethuraman, S.P"]
[Black "Zubov, Alexander"]
[Result "1-0"]
[WhiteElo "2631"]
[BlackElo "2606"]
[Annotator "TA"]
[PlyCount "115"]
[EventDate "2018.??.??"]
[EventType "swiss"]
[EventCountry "UAE"]
[SourceTitle "playchess.com"]
[Source "ChessBase"]
[SourceQuality "1"]

{[%evp 18,115,33,21,35,36,36,36,39,27,32,33,35,41,41,38,50,34,151,143,150,146,155,156,159,127,239,224,231,231,218,207,231,221,222,201,255,200,254,197,216,203,211,204,206,201,188,186,202,169,211,125,116,78,156,186,172,162,168,144,129,71,110,81,80,10,14,0,103,0,254,232,297,296,546,535,587,557,543,377,455,441,484,485,708,622,535,376,341,256,353,347,415,433,589,425,967,637,29983,29984]} 1. e4 e5 2. Nf3 Nf6 3. Nxe5 d6 4. Nf3 Nxe4 5. Nc3 Nxc3 6. dxc3 Be7 7. Be3 Nc6 {C42: Petroff Defence: 3 Nxe5 and unusual White 3rd moves} 8. Bd3 (8. Qd2 Be6 9. O-O-O a6 10. b3 h6 11. Be2 Qd7 12. Kb1 Bf6 13. Nd4 Nxd4 14. Bxd4 Bxd4 15. Qxd4 O-O 16. c4 Rfe8 17. Bf3 Rab8 {1-0 (41) Anand,V (2776)-Mamedyarov,S (2809) Moscow 2018}) 8... Be6 9. Qe2 Qd7 10. O-O-O {LiveBook: 4 Games} Bf5 $146 ({Predecessor:} 10... O-O 11. Kb1 Rae8 12. h3 Bd8 13. Rhe1 a6 14. Qf1 Kh8 15. Nd4 Nxd4 16. Bxd4 {½-½ (32) Cheparinov,I (2699)-Ju,W (2572) Caleta 2018}) 11. Bb5 {aiming for Ne5!} O-O 12. Ne5 Qe8 13. Nxc6 bxc6 14. Ba4 {[#]} Bg5 $1 {[%mdl 512]} 15. Rhe1 (15. Bxg5 Qxe2) 15... Qe4 $1 {[%csl LRa4,LRg2]} 16. Qa6 Qxg2 17. Qxc6 Be4 (17... Bxe3+ $14 18. Rxe3 Qg4) 18. Qxc7 $16 Bxe3+ 19. Rxe3 Bf3 20. Rde1 Qxf2 21. b3 Rad8 (21... h5 $16) 22. Be8 ({Weaker is} 22. Qxa7 Be4 $14) 22... Qh4 23. Kb2 Bd5 {intending ...Be6.} 24. Qxa7 Be6 25. Bc6 Qxh2 26. Qd4 d5 27. a4 Bf5 28. R3e2 Qd6 29. Bb5 Be4 30. c4 Qc7 31. cxd5 Bxd5 32. Re7 Qc8 33. Qf4 ({Resist} 33. Rg1 $6 g6 $16) 33... Be6 34. Rc7 (34. b4 $18) 34... Qb8 35. Rh1 Rd4 (35... h6 $142) 36. Qh2 $40 {[%csl Gh1][%cal Rh2h7][%mdl 128] White goes for the king.} h6 37. Rg1 Bg4 38. Qe5 h5 39. Qc5 ({White should play} 39. a5) 39... Rf4 40. Bc4 Qd8 41. Bd3 ({White should try} 41. Ka3 $16) 41... Qf6+ $1 $11 42. Ka3 {And now Bh7+! would win.} g6 {[#]} (42... h4 $1 $11 {keeps the balance.}) 43. a5 (43. Rc6 $1 $16 {[%cal Rc6f6]} Qd4 44. a5) 43... Rf3 $2 {[%mdl 8192] [#]} (43... h4 $1 $11 {and Black stays safe.}) 44. Rc6 $1 $18 {[%cal Rc6f6]} Qf4 45. a6 Rxd3 $2 (45... Ra8 46. Be2 Qf5 47. Qxf5 Rxf5 48. Bxg4 Ra5+ 49. Kb4 Rg5) 46. cxd3 Qf3 47. Qc4 Qf5 48. Rc5 Qf2 49. Rc1 Ra8 50. Rc6 Be6 (50... Kh7 $142 51. Rc7 Kg7 52. Qc3+ Kg8) 51. Qe4 Re8 52. Rc7 Qb6 {[%csl Ge6][%cal Rb6b3]} 53. Qa4 Ra8 54. a7 Qd6+ 55. Qb4 Qxd3 56. Qb6 h4 (56... Bd5 $142 57. Rc8+ Kg7 58. Rxa8 Bxa8) 57. Rb7 {Threatens to win with Rb8+.} Kh7 58. Qxe6 {Precision: White = 73%, Black = 36%.} 1-0